000 00848cam a22002653a 4500
001 8623
003 PGUSA
005 20140828083202.0
008 050801s2005||||xxu|||||s|||||000 1 eng d
040 _aPGUSA
_beng
042 _adc
050 4 _aPR
100 1 _aDoyle, Arthur Conan,
_d1859-1930
245 1 4 _aThe Adventures of Gerard
_h[electronic resource] /
_cArthur Conan Doyle
260 _bProject Gutenberg,
_c2005
506 _aCopyrighted. Read the copyright notice inside this book for details.
516 _aElectronic text
653 _aFrance -- History, Military -- 19th century -- Fiction
653 _aNapoleonic Wars, 1800-1815 -- Fiction
653 _aWar stories, English
653 _aAdventure stories, English
830 0 _aProject Gutenberg
_v8623
856 4 0 _uhttp://www.gutenberg.org/ebooks/8623
942 _cAB
999 _c237923
_d237923